000 00831nam a2200277Ia 4500
003 OSt
005 20221006142119.0
006 a|||||r|||| 00| 0
007 ta
008 221006b |||||||| |||| 00| 0 eng d
020 _a0 521 46773 X
_cP22.95
024 _a5,328
037 _cTextual
040 _aEASL
_cEASL
_beng
041 _2eng
_aeng
082 _aAv41.N94, N5.3-.5
100 _aRONAN Colin A
_9362979
245 0 _aShorter Science and civilisation in China, Vols. 3-5
260 _aCambridge
_bCambridge University Press
_c1995
300 _a364p.
_ccm.
490 _v V.5
500 _aAn abridgement by Colin A. Ronan of Joseph Needham's original text
650 _aChina-Intellectual
_9646908
942 _hAv41.N94, N5.3-.5
_cTEXL
_2CC
999 _c1073414
_d1073414